Finančné technológie a ich prínos pre rozvoj medzinárodného obchodu bakalárska práca

Saved in:
Bibliographic Details
Main Author: Stanovič, Martin
Corporate Author: Obchodná fakulta EU. Katedra medzinárodného obchodu
Other Authors: Žatko, Matúš, 1991-
Format: Book
Language:Slovak
Published: Bratislava 2022
Tags: Add Tag
No Tags, Be the first to tag this record!

MARC

LEADER 00000nbm a2200000 4500
001 0285877
005 20221201133910.7
041 0 |a slo 
044 |a SK 
245 1 0 |a Finančné technológie a ich prínos pre rozvoj medzinárodného obchodu  |b bakalárska práca  |c Martin Stanovič ; školiteľ: Matúš Žatko 
264 1 |a Bratislava  |c 2022 
300 |a 63 s. 
100 1 |a Stanovič, Martin 
700 1 |a Žatko, Matúš, 1991- 
710 2 |a Obchodná fakulta EU. Katedra medzinárodného obchodu